Szczegóły MARC21

Gedichte : die Stille sehen und ihr lauschen = Wiersze : ujrzeć ciszę i wsłuchać się w nią /

003 -Nazwa inst., której nr kontr. jest w polu 001 [,]
    • @
    • Nazwa instytucji, której n kontrolny jest w polu 001
    • NUKAT
005 -DATA I CZAS OSTATNIEJ MODYFIKACJI [,]
    • @
    • pole kontrolne
    • 20241231111619.0
020 -Międzynarod. znormalizowany nr książki - ISBN [ , ]
    • a
    • Numer ISBN
    • 9783940640611 Find
040 -Instytucja sporządzająca opis [ , ]
    • a
    • Instytucja, która sporządziła opis (NP)
    • SZCZ U/AB
    • b
    • Język katalogowania
    • pol
    • e
    • Zasady katalogowania
    • rda
    • c
    • Instytucja, która sporządziła rekord (NP)
    • SZCZ U/ABs
041 -Język dokumentu [0, ]
    • a
    • Język tekstu (P)
    • niemiecki
    • a
    • Język tekstu (P)
    • polski
942 -Rodzaj dokumentu [ , ]
    • c
    • Rodzaj dokumentu
    • Książka
100 -Hasło główne - nazwa osobowa [1, ]
    • a
    • Nazwa osobowa (NP)
    • Sarecka, Ilse
    • d
    • Daty biograficzne (NP)
    • (1941- ).
    • e
    • Rodzaj współpracy
    • Autor
    • 9
    • KHW
    • 483604
245 -Strefa tytułu i oznaczenia odpowiedzialności [1,0]
    • a
    • Tytuł
    • Gedichte : Find
    • b
    • Ciąg dalszy tytułu (NP)
    • die Stille sehen und ihr lauschen = Wiersze : ujrzeć ciszę i wsłuchać się w nią / Find
    • c
    • Pozostałe elementy strefy tytułu i oznaczenia odpowiedzialności (NP)
    • Ilse Sarecka ; Hrsg. / red. Ewa Hendryk ; Illustrationen / ilustracje Aurelia Grzesiek.
246 -Wariant tytułu [3,1]
    • a
    • Tytuł (NP)
    • Wiersze :
    • b
    • Ciąg dalszy tytułu (NP)
    • ujrzeć ciszę i wsłuchać się w nią
260 -Strefa adresu wydawniczego [ , ]
    • a
    • Miejsce wydania (P)
    • Berlin :
    • b
    • Nazwa wydawcy (P)
    • Verein zur Förderung des Literaturschaffens und des Kulturellen Austauschs zwischen Deutschen und Polen,
    • c
    • Data wydania (P)
    • © 2012.
300 -Strefa opisu fizycznego [ , ]
    • a
    • Określenie formy książki i/lub objętość (NP)
    • 95 stron :
    • b
    • Oznaczenie ilustracji (NP)
    • ilustracje ;
    • c
    • Format (NP)
    • 21 cm.
336 -Typ zawartości [ , ]
    • a
    • Termin opisujący typ zawartości
    • Tekst
    • b
    • Kod określający zawartość
    • txt
    • 2
    • Źródło (terminu i kodu)
    • rdacontent
337 -Typ mediów [ , ]
    • a
    • Tryb odtwarzania
    • Bez urządzenia pośredniczącego
    • b
    • Kod typu mediów
    • n
    • 2
    • Źródło (terminu i kodu)
    • rdamedia
338 -Typ/rodzaj nośnika [ , ]
    • a
    • Hasło opisujące typ nośnika
    • Wolumin
    • b
    • Kod typu nośnika
    • nc
    • 2
    • Źródło (terminu i kodu)
    • rdacarrier
500 -Uwaga ogólna [ , ]
    • a
    • Uwaga ogólna (NP)
    • Na stronie tytułowej: ist ein Projekt des gemeinnützigen Vereins zur Förderung des Literaturschaffens und des Kulturellen Austauschs zwischen Deutschen und Polen e.v.
546 -Uwaga dot. języka [ , ]
    • a
    • Uwaga dot. języka
    • Tekst równolegle w języku niemieckim i polskim.
655 -Hasło w funkcji tematu formalnego [ ,7]
    • a
    • Hasło
    • Poezja niemiecka
    • y
    • Określnik chronologiczny
    • 1990-.
    • 2
    • Źródło terminu
    • kaba
    • 9
    • KHW
    • 461061
655 -Hasło w funkcji tematu formalnego [ ,7]
    • a
    • Hasło
    • Poezja niemiecka
    • y
    • Określnik chronologiczny
    • 1990-
    • v
    • Określnik formy
    • tłumaczenia polskie.
    • 2
    • Źródło terminu
    • kaba
    • 9
    • KHW
    • 461062
700 -Hasło dodatkowe - nazwa osobowa [1, ]
    • a
    • Nazwa osobowa (NP)
    • Hendryk, Ewa Find
    • d
    • Daty biograficzne (NP)
    • (1966- ).
    • e
    • Określenie rodzaju współpracy
    • Redakcja
    • 9
    • KHW
    • 22350
700 -Hasło dodatkowe - nazwa osobowa [1, ]
    • a
    • Nazwa osobowa (NP)
    • Grzesiek, Aurelia. Find
    • e
    • Określenie rodzaju współpracy
    • Ilustracje
    • 9
    • KHW
    • 483606
710 -Hasło dodatkowe - nazwa ciała zbiorowego [2, ]
    • a
    • Nazwa ciała zbiorowego lub nazwa geograficzna jako pierwszy element (NP)
    • Verein zur Förderung des Literaturschaffens und des Kulturellen Austauschs zwischen Deutschen und Polen.
    • e
    • Rodzaj współpracy
    • Instytucja sprawcza
    • e
    • Rodzaj współpracy
    • Wydawca
    • 4
    • Kod relacji
    • pbl
    • 9
    • KHW
    • 496703
920 -ISBN [ , ]
    • a
    • ISBN
    • 978-3-940640-61-1 Find
Sygnatura Status udost. Numer inwentarzowy Data inwentaryzacji Lokalizacja
Germ. Poezja-3BC.123352019-03-13BM